[Event "Oregon Closed (Championship)"]
[Site "Portland, OR"]
[Date "2017.02.18"]
[Round "5.2"]
[White "Zavortink, Matt"]
[Black "Bjorksten, Lennart"]
[Result "1-0"]
[WhiteElo "2161"]
[BlackElo "2123"]
[PlyCount "67"]
[EventDate "2017.02.11"]
[EventRounds "9"]
[EventCountry "USA"]

1. d4 Nf6 2. Bf4 b5 3. e3 Bb7 4. Nf3 a6 5. Bd3 e6 6. Nbd2 c5 7. c3 Be7 8. h3 c4
9. Bb1 d5 10. O-O Nbd7 11. a3 h6 12. Ne5 a5 13. Bg3 Ne4 14. Nxe4 dxe4 15. a4
Nxe5 16. Bxe5 f6 17. Bg3 O-O 18. axb5 Qd5 19. Qa4 Rfc8 20. Ba2 Kf7 21. Rfd1 g5
22. b3 cxb3 23. Bxb3 Qf5 24. c4 h5 25. c5 h4 26. c6 Bxc6 27. bxc6 hxg3 28. fxg3
Bd6 29. Rf1 Qh7 30. Qc4 Re8 31. d5 g4 32. dxe6+ Ke7 33. Qd4 f5 34. Rxf5 1-0

[Event "Oregon Closed (Championship)"]
[Site "Portland, OR"]
[Date "2017.02.18"]
[Round "5.3"]
[White "Grabinsky, Joshua"]
[Black "Russell, Corey John"]
[Result "1-0"]
[WhiteElo "2019"]
[BlackElo "2205"]
[PlyCount "47"]
[EventDate "2017.02.11"]
[EventRounds "9"]
[EventCountry "USA"]

1. e4 c5 2. Nf3 d6 3. d4 cxd4 4. Nxd4 Nf6 5. Nc3 a6 6. h3 e5 7. Nde2 b5 8. g4
Bb7 9. Bg2 b4 10. g5 bxc3 11. gxf6 cxb2 12. fxg7 Bxg7 13. Bxb2 O-O 14. Qd2 d5
15. exd5 Qh4 16. Ng3 f5 17. Ba3 Rf7 18. Rb1 f4 19. Nf5 Rxf5 20. Rxb7 f3 21. Bf1
Qe4+ 22. Kd1 Rf7 23. Bd3 Qd4 24. Bxh7+ 1-0

[Event "Oregon Closed (Championship)"]
[Site "Portland, OR"]
[Date "2017.02.18"]
[Round "5.4"]
[White "Smail, Benedict"]
[Black "Deeth, Steven B"]
[Result "1-0"]
[WhiteElo "2206"]
[BlackElo "2112"]
[PlyCount "87"]
[EventDate "2017.02.11"]
[EventRounds "9"]
[EventCountry "USA"]

1. d4 d5 2. c4 c6 3. Nf3 Nf6 4. Nc3 e6 5. e3 Nbd7 6. Qc2 b6 7. cxd5 exd5 8. Bd3
Bb7 9. e4 dxe4 10. Nxe4 Be7 11. Ne5 Rc8 12. O-O Nxe4 13. Bxe4 Nf6 14. Bf5 Rc7
15. Bf4 Bd6 16. Bg5 h6 17. Bh4 O-O 18. Bxf6 Qxf6 19. Nd7 Rxd7 20. Bxd7 Qxd4 21.
Rad1 Qf6 22. Qf5 Be5 23. b3 c5 24. Qxf6 Bxf6 25. Bf5 g6 26. Bh3 Bd4 27. g3 Kg7
28. Bg2 Ba6 29. Rfe1 Kf6 30. Bc6 Rc8 31. Bd5 Rc7 32. Kg2 Bb5 33. a4 Bd7 34. f4
a6 35. h3 b5 36. axb5 axb5 37. Re2 Bc6 38. Bxc6 Rxc6 39. Ra2 Re6 40. b4 Rb6 41.
Kf3 h5 42. g4 hxg4+ 43. hxg4 Ke6 44. Rc2 1-0

[Event "Oregon Closed (Championship)"]
[Site "Portland, OR"]
[Date "2017.02.18"]
[Round "5.4"]
[White "Haessler, Carl A"]
[Black "Cigan, Jason Daniel"]
[Result "1-0"]
[WhiteElo "2233"]
[BlackElo "2226"]
[PlyCount "109"]
[EventDate "2017.02.11"]
[EventRounds "9"]
[EventCountry "USA"]

1. Nc3 Nf6 2. e4 e5 3. f4 d5 4. fxe5 Nxe4 5. Nf3 Be7 6. Be2 c5 7. O-O O-O 8. d3
Nxc3 9. bxc3 Nc6 10. Qe1 f6 11. d4 Qb6 12. Qh4 fxe5 13. Bg5 Rf4 14. Bxe7 Rxh4
15. Bxc5 Qa5 16. Nxh4 Be6 17. Rf2 g6 18. Raf1 Qxc3 19. Rf3 Qa5 20. Rf6 Re8 21.
Nxg6 exd4 22. Bd6 Bf5 23. Nf4 Qd8 24. Nh5 Rxe2 25. R1xf5 Re8 26. Rg5+ Kh8 27.
h3 Rg8 28. Rxd5 Qb6 29. Kh2 Qb2 30. Rf2 Qxa2 31. Rdf5 Qe6 32. Rf6 Qd5 33. g4 a5
34. Rh6 Rd8 35. Bg3 Qg5 36. Rhf6 Qg8 37. Rf7 Qe8 38. Bh4 Qe5+ 39. Kg2 Qe4+ 40.
Kg1 Qe1+ 41. Kh2 Qe5+ 42. Bg3 Qe8 43. Bc7 Rc8 44. Bd6 Kg8 45. Rxb7 Qg6 46. Nf6+
Kh8 47. Rxh7+ Qxh7 48. Nxh7 Kxh7 49. h4 Nb4 50. Bxb4 axb4 51. Kg3 Kg7 52. h5
Re8 53. Rd2 Re4 54. Kf3 Re3+ 55. Kf4 1-0

[Event "Oregon Closed (Championship)"]
[Site "Portland, OR"]
[Date "2017.02.18"]
[Round "6.1"]
[White "Talyansky, Seth"]
[Black "Haessler, Carl A"]
[Result "1/2-1/2"]
[WhiteElo "2189"]
[BlackElo "2233"]
[PlyCount "83"]
[EventDate "2017.02.11"]
[EventRounds "9"]
[EventCountry "USA"]

1. e4 e6 2. d4 c5 3. Nf3 cxd4 4. Nxd4 Nf6 5. Bd3 Nc6 6. Nb3 Nb4 7. e5 Nxd3+ 8.
Qxd3 Nd5 9. O-O Qc7 10. Qe2 d6 11. f4 Be7 12. c4 Nb6 13. N1d2 O-O 14. Kh1 Bd7
15. Nd4 Rac8 16. b3 d5 17. Bb2 dxc4 18. Rac1 Qb8 19. Nxc4 Nxc4 20. Rxc4 Rxc4
21. Qxc4 Rc8 22. Qd3 a6 23. Nf5 Bb5 24. Nxe7+ Kh8 25. Qb1 Re8 26. Rd1 Rxe7 27.
f5 Qc8 28. f6 Rd7 29. Rxd7 Qxd7 30. Qc2 Bc6 31. h3 Qd5 32. fxg7+ Kxg7 33. Qf2
Kf8 34. Ba3+ Ke8 35. Qg3 Kd7 36. Qg7 Qd1+ 37. Kh2 Qf1 38. Qg5 Qf5 39. Qe7+ Kc8
40. Qf8+ Kd7 41. Qd6+ Kc8 42. Qf8+ 1/2-1/2

[Event "Oregon Closed (Championship)"]
[Site "Portland, OR"]
[Date "2017.02.18"]
[Round "6.2"]
[White "Cigan, Jason Daniel"]
[Black "Smail, Benedict"]
[Result "1-0"]
[WhiteElo "2230"]
[BlackElo "2206"]
[PlyCount "39"]
[EventDate "2017.02.11"]
[EventRounds "9"]
[EventCountry "USA"]

1. e4 c5 2. Nf3 d6 3. Bb5+ Bd7 4. Bxd7+ Qxd7 5. c4 Qg4 6. O-O Qxe4 7. d4 cxd4
8. Re1 Qg4 9. h3 Qd7 10. Nxd4 Nc6 11. Nc3 e6 12. Bg5 Be7 13. Bxe7 Ngxe7 14.
Ndb5 Rd8 15. Ne4 Nc8 16. Qh5 O-O 17. Re3 a6 18. Nf6+ gxf6 19. Rg3+ Kh8 20. Qh6
1-0

[Event "Oregon Closed (Championship)"]
[Site "Portland, OR"]
[Date "2017.02.18"]
[Round "6.3"]
[White "Deeth, Steven B"]
[Black "Grabinsky, Joshua"]
[Result "1-0"]
[WhiteElo "2112"]
[BlackElo "2019"]
[PlyCount "101"]
[EventDate "2017.02.11"]
[EventRounds "9"]
[EventCountry "USA"]

1. d4 Nf6 2. c4 e6 3. Nc3 Bb4 4. e3 b6 5. Nge2 c5 6. a3 Ba5 7. Rb1 Na6 8. g3
Bb7 9. d5 exd5 10. Bg2 O-O 11. O-O Rb8 12. Nxd5 Nxd5 13. Bxd5 Bxd5 14. Qxd5 Qe7
15. Rd1 Rfd8 16. Nf4 Nc7 17. Qd3 b5 18. Nd5 Nxd5 19. Qxd5 bxc4 20. Qxc4 Rbc8
21. b3 Qe6 22. Rd5 Rc6 23. Bb2 Rb8 24. Rbd1 h6 25. R1d3 Bc7 26. Qc3 f6 27. Qc4
a5 28. Ba1 Rd6 29. Kg2 Rxd5 30. Rxd5 Kh8 31. Rxc5 Bd6 32. Rc8+ Rxc8 33. Qxc8+
Kh7 34. Qc2+ f5 35. a4 Be5 36. Bxe5 Qxe5 37. Qd3 Kg6 38. g4 Qe4+ 39. Qxe4 fxe4
40. f4 Kf6 41. Kf2 h5 42. h3 hxg4 43. hxg4 Ke6 44. Ke2 g6 45. Kd2 Kd5 46. Kc3
Kc5 47. f5 gxf5 48. gxf5 d5 49. f6 d4+ 50. exd4+ Kd6 51. d5 1-0

[Event "Oregon Closed (Championship)"]
[Site "Portland, OR"]
[Date "2017.02.18"]
[Round "6.4"]
[White "Russell, Corey John"]
[Black "Zavortink, Matt"]
[Result "0-1"]
[WhiteElo "2205"]
[BlackElo "2161"]
[PlyCount "106"]
[EventDate "2017.02.11"]
[EventRounds "9"]
[EventCountry "USA"]

1. e4 e6 2. d3 d5 3. Nd2 Nf6 4. Ngf3 Bc5 5. e5 Nfd7 6. Nb3 Be7 7. g3 c5 8. Bg2
Nc6 9. Qe2 Qc7 10. Bf4 b6 11. O-O h6 12. h4 Bb7 13. Rfe1 O-O-O 14. Rad1 Rdg8
15. d4 g5 16. hxg5 hxg5 17. Bc1 c4 18. Na1 Nf8 19. Nh2 f6 20. exf6 Bxf6 21. c3
Qh7 22. Ng4 Bd8 23. Nc2 Bc7 24. Nce3 Rg6 25. Nf1 Kb8 26. b3 Nd7 27. Ba3 cxb3
28. axb3 a5 29. Qf3 e5 30. Nfe3 exd4 31. cxd4 b5 32. b4 axb4 33. Bb2 Ne7 34.
Nf5 Nxf5 35. Qxf5 Nb6 36. Ne5 Qh2+ 37. Kf1 Rgg8 38. Nd7+ Nxd7 39. Qxd7 Rh7 40.
Re8+ Rxe8 41. Qxe8+ Bc8 42. Qxb5+ Bb7 43. Ra1 Re7 44. Qxb4 Rf7 45. Qe1 Bc6 46.
Qe6 Bb5+ 47. Ke1 Qg1+ 48. Kd2 Qxf2+ 49. Kc3 Qxg3+ 50. Kb4 Qxg2 51. Kxb5 Qxb2+
52. Kc5 Qc3+ 53. Kb5 Qc4# 0-1

[Event "Oregon Closed (Championship)"]
[Site "Portland, OR"]
[Date "2017.02.18"]
[Round "6.5"]
[White "Bjorksten, Lennart"]
[Black "Richardson, Ryan"]
[Result "1/2-1/2"]
[WhiteElo "2123"]
[BlackElo "2103"]
[PlyCount "81"]
[EventDate "2017.02.11"]
[EventRounds "9"]
[EventCountry "USA"]

1. c4 Nf6 2. g3 g6 3. Bg2 Bg7 4. d4 O-O 5. Nc3 d6 6. Nf3 c6 7. O-O Qa5 8. d5
Qa6 9. Nd2 e6 10. Qb3 exd5 11. cxd5 Nbd7 12. dxc6 bxc6 13. Nde4 Nxe4 14. Nxe4
d5 15. Nc3 Rb8 16. Qc2 Ne5 17. Bf4 Rb4 18. b3 Re8 19. Rac1 Bf5 20. Qd2 Rd4 21.
Qb2 Rb4 22. Kh1 d4 23. Nd1 d3 24. exd3 Nxd3 25. Rxc6 Qa5 26. Qd2 Nxf4 27. gxf4
Rd8 28. Rd6 Rxd6 29. Qxd6 Rd4 30. Qb8+ Rd8 31. Qb7 Qxa2 32. Ne3 Bd3 33. Qe7 Rf8
34. Rd1 Qe2 35. Qb7 Bc2 36. Rc1 Qxf2 37. Nxc2 Qd2 38. Rf1 Qxc2 39. Qxa7 Qxb3
40. f5 Qc3 41. fxg6 1/2-1/2

[Event "Oregon Closed (Championship)"]
[Site "Portland, OR"]
[Date "2017.02.19"]
[Round "7.1"]
[White "Bjorksten, Lennart"]
[Black "Talyansky, Seth"]
[Result "1/2-1/2"]
[WhiteElo "2123"]
[BlackElo "2189"]
[PlyCount "49"]
[EventDate "2017.02.11"]
[EventRounds "9"]
[EventCountry "USA"]

1. d4 d5 2. c4 c6 3. cxd5 cxd5 4. Nf3 Nf6 5. Nc3 Nc6 6. Ne5 e6 7. Nxc6 bxc6 8.
g3 c5 9. Bg2 Bd7 10. O-O Rc8 11. dxc5 Bxc5 12. Bf4 O-O 13. Rc1 Bc6 14. Na4 Bd6
15. Bxd6 Qxd6 16. Nc5 d4 17. Bxc6 Rxc6 18. b4 Rfc8 19. Qd2 a5 20. a3 axb4 21.
axb4 Nd5 22. Qxd4 Nxb4 23. Qxb4 Rxc5 24. Rfd1 Qf8 25. Rxc5 1/2-1/2

[Event "Oregon Closed (Championship)"]
[Site "Portland, OR"]
[Date "2017.02.19"]
[Round "7.2"]
[White "Richardson, Ryan"]
[Black "Russell, Corey John"]
[Result "1/2-1/2"]
[WhiteElo "2103"]
[BlackElo "2205"]
[PlyCount "82"]
[EventDate "2017.02.11"]
[EventRounds "9"]
[EventCountry "USA"]

1. e4 c5 2. Nf3 e6 3. d3 Nc6 4. g3 d6 5. Bg2 g6 6. O-O Bg7 7. c3 Nge7 8. Re1
O-O 9. Nbd2 e5 10. a4 h6 11. Nc4 Be6 12. Nh4 d5 13. Ne3 Qd7 14. Qe2 Rad8 15.
Rd1 d4 16. Nc4 dxc3 17. Be3 Nd4 18. Bxd4 exd4 19. b3 Nc6 20. f4 Bxc4 21. bxc4
Nb4 22. Nf3 Rfe8 23. Ne1 Rb8 24. Rdb1 b6 25. Nc2 Bf8 26. Nxb4 cxb4 27. Bf3 a6
28. Qg2 b5 29. cxb5 Rec8 30. Bd1 axb5 31. a5 Ra8 32. Bb3 c2 33. Bxc2 Rc3 34.
Bb3 Ra6 35. Qe2 Qc7 36. Rb2 Rc1+ 37. Rxc1 Qxc1+ 38. Kg2 Rxa5 39. Qc2 Ra1 40.
Qxc1 Rxc1 41. Kf3 Kg7 1/2-1/2

[Event "Oregon Closed (Championship)"]
[Site "Portland, OR"]
[Date "2017.02.19"]
[Round "7.3"]
[White "Zavortink, Matt"]
[Black "Deeth, Steven B"]
[Result "1-0"]
[WhiteElo "2161"]
[BlackElo "2112"]
[PlyCount "43"]
[EventDate "2017.02.11"]
[EventRounds "9"]
[EventCountry "USA"]

1. d4 d5 2. Bf4 Nf6 3. e3 c5 4. c3 Qb6 5. Qb3 Nc6 6. Nd2 c4 7. Qc2 g6 8. e4
Nxe4 9. Nxe4 dxe4 10. Bxc4 Bf5 11. Be3 Qd8 12. Qb3 e6 13. Qxb7 Qc8 14. Ba6 Ne7
15. Qb5+ Qd7 16. Qc4 Rb8 17. a4 Kd8 18. Qe2 h5 19. Bf4 Ra8 20. Be5 Rh7 21. Qb5
Qxb5 22. axb5 1-0

[Event "Oregon Closed (Championship)"]
[Site "Portland, OR"]
[Date "2017.02.19"]
[Round "7.4"]
[White "Grabinsky, Joshua"]
[Black "Cigan, Jason Daniel"]
[Result "1-0"]
[WhiteElo "2019"]
[BlackElo "2230"]
[PlyCount "141"]
[EventDate "2017.02.11"]
[EventRounds "9"]
[EventCountry "USA"]

1. e4 c5 2. Nf3 d6 3. d4 cxd4 4. Nxd4 Nf6 5. Nc3 a6 6. h3 e6 7. g4 h6 8. Bg2
Be7 9. a4 Nc6 10. Nb3 Qc7 11. Bf4 g5 12. Bg3 Ne5 13. Qe2 Bd7 14. Nd2 Bc6 15. f4
gxf4 16. Bxf4 Nfd7 17. Nf3 Nxf3+ 18. Qxf3 Bh4+ 19. Bg3 Ne5 20. Qf2 Bxg3 21.
Qxg3 Qb6 22. Nd1 Rc8 23. Qe3 Qa5+ 24. c3 Qd8 25. Nf2 Qg5 26. Qd2 b5 27. axb5
Bxb5 28. b3 Qf6 29. Rc1 Nf3+ 30. Bxf3 Qxf3 31. c4 Bc6 32. Rc3 Qf6 33. Rd3 Qe5
34. Qc3 Qxc3+ 35. Rxc3 Rb8 36. Ke2 Ke7 37. Ke3 Rb6 38. Rb1 h5 39. g5 h4 40. Nd3
Rg8 41. Rg1 a5 42. c5 Rb5 43. cxd6+ Kxd6 44. e5+ Kd7 45. Rg4 Bd5 46. b4 axb4
47. Nxb4 Rgb8 48. Nd3 Rg8 49. Ra3 Kc7 50. Ra7+ Bb7 51. Ra1 Kb6 52. Rf1 Rg7 53.
Rf6 Bd5 54. Kd4 Ra5 55. Ke3 Ra3 56. Rff4 Kc7 57. Rb4 Bc6 58. Rbc4 Kb6 59. Rcd4
Ra1 60. Rd6 Rh1 61. Rc4 Rxh3+ 62. Kd4 Rxg5 63. Rcxc6+ Ka7 64. Rd7+ Kb8 65. Kc5
Rg2 66. Nb4 Rg8 67. Kb6 Rb3 68. Rb7+ Ka8 69. Kc7 Ra3 70. Rcb6 f5 71. Rb8+ 1-0

[Event "Oregon Closed (Championship)"]
[Site "Portland, OR"]
[Date "2017.02.19"]
[Round "7.5"]
[White "Smail, Benedict"]
[Black "Haessler, Carl A"]
[Result "1-0"]
[WhiteElo "2206"]
[BlackElo "2233"]
[PlyCount "99"]
[EventDate "2017.02.11"]
[EventRounds "9"]
[EventCountry "USA"]

1. d4 e6 2. e4 c5 3. Nf3 cxd4 4. Nxd4 Nf6 5. Bd3 Nc6 6. Nxc6 bxc6 7. O-O d5 8.
Nc3 Be7 9. b3 Qa5 10. Bd2 Bb4 11. Qe1 d4 12. Nb1 Bxd2 13. Nxd2 Qh5 14. e5 Nd5
15. Nf3 c5 16. Qa5 O-O 17. Qxc5 Nf4 18. Qc6 Rb8 19. Qe4 Nxd3 20. Qxd3 Bb7 21.
Nxd4 Rfd8 22. Qe3 Bxg2 23. Kxg2 Qg4+ 24. Kh1 Rxd4 25. Rg1 Qh4 26. Rad1 Rbd8 27.
Rxd4 Qxd4 28. Qxd4 Rxd4 29. Kg2 Rd2 30. Rc1 Re2 31. Rd1 g5 32. Rd8+ Kg7 33. Ra8
Rxc2 34. Rxa7 Rb2 35. Ra4 Kg6 36. b4 Kf5 37. a3 Kxe5 38. Ra5+ Kf6 39. b5 h5 40.
a4 g4 41. Ra6 Kf5 42. b6 Kf4 43. a5 h4 44. Ra7 f5 45. Rc7 e5 46. Rc3 e4 47. Ra3
Ke5 48. a6 Rxb6 49. a7 f4 50. Ra1 1-0

[Event "Oregon Closed (Championship)"]
[Site "Portland, OR"]
[Date "2017.02.19"]
[Round "8.1"]
[White "Talyansky, Seth"]
[Black "Smail, Benedict"]
[Result "1/2-1/2"]
[WhiteElo "2189"]
[BlackElo "2206"]
[PlyCount "143"]
[EventDate "2017.02.11"]
[EventRounds "9"]
[EventCountry "USA"]

1. e4 c5 2. Nf3 d6 3. d4 cxd4 4. Nxd4 Nf6 5. Nc3 g6 6. Be2 Nc6 7. Nb3 Bg7 8.
O-O O-O 9. Bg5 a5 10. a4 Nb4 11. f4 Qc7 12. Bh4 Be6 13. Nd4 Bc4 14. Bf2 Rac8
15. Re1 Bxe2 16. Qxe2 Qc4 17. Ndb5 Qxe2 18. Rxe2 Rc6 19. Rd1 Re8 20. h3 h5 21.
e5 Nd7 22. exd6 e6 23. g4 hxg4 24. hxg4 Rc4 25. Bd4 Rec8 26. Kg2 Bxd4 27. Rxd4
Rxd4 28. Nxd4 Rc4 29. Rd2 Kf8 30. Kf3 Nf6 31. Ncb5 Ke8 32. b3 Rc8 33. c4 Kd7
34. g5 Ne8 35. Ke2 Rc5 36. Nf3 Nc6 37. Ke3 e5 38. Rd5 exf4+ 39. Kxf4 b6 40.
Rxc5 bxc5 41. Nd2 Ng7 42. Ne4 Ne6+ 43. Ke3 Ne5 44. Nc7 Ng4+ 45. Kf3 Ne5+ 46.
Ke3 Ng4+ 47. Kd2 Nd4 48. Kc3 Ne2+ 49. Kd2 Nd4 50. Kc3 Ne2+ 51. Kb2 Nd4 52. Na6
Ne6 53. Naxc5+ Nxc5 54. Nxc5+ Kxd6 55. Nb7+ Kc7 56. Nxa5 f6 57. gxf6 Nxf6 58.
Kc3 g5 59. Kd4 g4 60. b4 g3 61. Ke3 Ne4 62. Kf3 Nc3 63. Kxg3 Nxa4 64. Kf4 Nc3
65. Ke5 Na2 66. b5 Kb6 67. Kd6 Nc3 68. c5+ Kxb5 69. c6 Kxa5 70. c7 Nb5+ 71. Kd7
Nxc7 72. Kxc7 1/2-1/2

[Event "Oregon Closed (Championship)"]
[Site "Portland, OR"]
[Date "2017.02.19"]
[Round "8.2"]
[White "Haessler, Carl A"]
[Black "Grabinsky, Joshua"]
[Result "1-0"]
[WhiteElo "2233"]
[BlackElo "2019"]
[PlyCount "125"]
[EventDate "2017.02.11"]
[EventRounds "9"]
[EventCountry "USA"]

1. Nf3 Nf6 2. g3 b6 3. Bg2 Bb7 4. O-O e6 5. d3 d5 6. Nbd2 Bd6 7. Re1 e5 8. e4
d4 9. Nc4 Nbd7 10. Nxd6+ cxd6 11. Nh4 Nf8 12. f4 Qc7 13. Bd2 Ne6 14. c3 Nc5 15.
Qc2 dxc3 16. bxc3 Ne6 17. Rac1 Rc8 18. Qb1 Qd7 19. d4 O-O 20. Bh3 exd4 21. cxd4
Rxc1 22. Bxc1 Qa4 23. Bb2 d5 24. e5 Ne4 25. Nf5 Qb4 26. Bg2 Nd2 27. Qa1 Nc4 28.
Bc3 Qb5 29. h4 Qd7 30. Ne3 Nxe3 31. Rxe3 Nc7 32. Kh2 Bc8 33. Bb4 Rd8 34. a4 a5
35. Bd2 Qe7 36. Rb3 Na8 37. Qb1 Bd7 38. Qa2 Bf5 39. Rb5 Be4 40. Bxe4 dxe4 41.
d5 Rc8 42. d6 Qd7 43. Be3 Rc6 44. Rb2 h5 45. Rd2 Rc3 46. Bd4 Rc1 47. Qd5 Nc7
48. Qb7 Qxa4 49. dxc7 Qc4 50. c8=Q+ Qxc8 51. Qxc8+ Rxc8 52. Bxb6 a4 53. Kg2 Kh7
54. f5 Rc6 55. Bd4 Kg8 56. Kf2 f6 57. Ke3 fxe5 58. Bxe5 Rc4 59. Rd4 Rc1 60.
Rxe4 a3 61. Ra4 Re1+ 62. Kf4 Rf1+ 63. Kg5 1-0

[Event "Oregon Closed (Championship)"]
[Site "Portland, OR"]
[Date "2017.02.19"]
[Round "8.3"]
[White "Cigan, Jason Daniel"]
[Black "Zavortink, Matt"]
[Result "0-1"]
[WhiteElo "2230"]
[BlackElo "2161"]
[PlyCount "64"]
[EventDate "2017.02.11"]
[EventRounds "9"]
[EventCountry "USA"]

1. e4 e6 2. d4 d5 3. Nc3 Bb4 4. e5 Ne7 5. a3 Bxc3+ 6. bxc3 c5 7. Qg4 O-O 8. Bd3
f5 9. exf6 Rxf6 10. Bg5 Rf7 11. Qh4 h6 12. Bd2 Nbc6 13. Nf3 c4 14. Be2 Qc7 15.
Qg3 e5 16. Nxe5 Nf5 17. Qg6 Nxe5 18. dxe5 Qxe5 19. Qh5 Re7 20. Kd1 Bd7 21. Re1
Rae8 22. g4 Nd6 23. Qxe5 Rxe5 24. Be3 Ne4 25. Bd4 Nxf2+ 26. Bxf2 Rxe2 27. Rxe2
Bxg4 28. Bg3 Rxe2 29. Kc1 Bf5 30. Ra2 g5 31. Rb2 b6 32. Bb8 d4 0-1

[Event "Oregon Closed (Championship)"]
[Site "Portland, OR"]
[Date "2017.02.19"]
[Round "8.4"]
[White "Deeth, Steven B"]
[Black "Richardson, Ryan"]
[Result "1/2-1/2"]
[WhiteElo "2112"]
[BlackElo "2103"]
[PlyCount "35"]
[EventDate "2017.02.11"]
[EventRounds "9"]
[EventCountry "USA"]

1. d4 Nf6 2. c4 g6 3. Nc3 Bg7 4. e4 d6 5. f3 a6 6. Be3 c6 7. Rc1 b5 8. b3 O-O
9. Bd3 b4 10. Nb1 c5 11. Ne2 h5 12. O-O a5 13. a4 Kh7 14. h3 Bh6 15. Qd2 Bxe3+
16. Qxe3 Nbd7 17. Nd2 Kg7 18. Bc2 1/2-1/2

[Event "Oregon Closed (Championship)"]
[Site "Portland, OR"]
[Date "2017.02.19"]
[Round "8.5"]
[White "Russell, Corey John"]
[Black "Bjorksten, Lennart"]
[Result "1-0"]
[WhiteElo "2205"]
[BlackElo "2123"]
[PlyCount "79"]
[EventDate "2017.02.11"]
[EventRounds "9"]
[EventCountry "USA"]

1. c3 Nf6 2. Nf3 b6 3. d3 d5 4. g3 e6 5. Bg2 Be7 6. O-O O-O 7. b3 Bb7 8. Na3
Nbd7 9. c4 Re8 10. Bb2 c6 11. cxd5 exd5 12. Rc1 Bd6 13. Nc2 Rc8 14. Qd2 c5 15.
Ne3 Ne5 16. Nf5 Nfg4 17. Nxd6 Qxd6 18. Nxe5 Nxe5 19. Qf4 f6 20. d4 Nf7 21. e3
cxd4 22. Qxd4 Ng5 23. Rfd1 Rcd8 24. h4 Nf7 25. Qf4 Ne5 26. e4 Qb4 27. exd5 Qxf4
28. gxf4 Ng6 29. Rc7 Ba8 30. d6 Nxf4 31. d7 Rf8 32. Bxa8 Rxa8 33. Ba3 Rfb8 34.
Bd6 Ne6 35. Rxa7 Rd8 36. Rxa8 Rxa8 37. Be7 Nd8 38. Rc1 Kf7 39. Rc8 Rxa2 40.
Bxd8 1-0

[Event "Oregon Closed (Championship)"]
[Site "Portland, OR"]
[Date "2017.02.20"]
[Round "9.1"]
[White "Russell, Corey John"]
[Black "Talyansky, Seth"]
[Result "1/2-1/2"]
[WhiteElo "2205"]
[BlackElo "2189"]
[PlyCount "117"]
[EventDate "2017.02.11"]
[EventRounds "9"]
[EventCountry "USA"]

1. e4 e5 2. Nf3 Nc6 3. Bb5 a6 4. Bxc6 dxc6 5. O-O Bg4 6. h3 h5 7. d3 Qf6 8.
Nbd2 Ne7 9. Re1 Ng6 10. d4 Bd6 11. c3 c5 12. hxg4 hxg4 13. Nh2 Rxh2 14. Qxg4
Qh4 15. Qxh4 Rxh4 16. Nf3 Rh7 17. dxe5 Bxe5 18. Be3 b6 19. Rad1 Ke7 20. Nxe5
Nxe5 21. Bf4 Rah8 22. Kf1 Rh1+ 23. Ke2 Rxe1+ 24. Rxe1 f6 25. Bxe5 fxe5 26. Rd1
c6 27. f3 a5 28. Kf2 b5 29. Kg1 c4 30. a3 Rb8 31. Rc1 Kd6 32. Kh2 Kc5 33. Kg3
b4 34. axb4+ axb4 35. Kg4 Rd8 36. g3 Rd2 37. Rb1 bxc3 38. bxc3 Rc2 39. f4 exf4
40. gxf4 Rxc3 41. Re1 Ra3 42. Kf5 c3 43. e5 Ra7 44. e6 Kd4 45. e7 Rxe7 46. Rxe7
c2 47. Re1 Kd3 48. Kg6 Kd2 49. Rh1 c1=Q 50. Rxc1 Kxc1 51. Kxg7 c5 52. f5 c4 53.
f6 c3 54. f7 c2 55. f8=Q Kb1 56. Qb4+ Ka2 57. Qc3 Kb1 58. Qb3+ Ka1 59. Qxc2
1/2-1/2

[Event "Oregon Closed (Championship)"]
[Site "Portland, OR"]
[Date "2017.02.20"]
[Round "9.2"]
[White "Bjorksten, Lennart"]
[Black "Deeth, Steven B"]
[Result "1-0"]
[WhiteElo "2123"]
[BlackElo "2112"]
[PlyCount "65"]
[EventDate "2017.02.11"]
[EventRounds "9"]
[EventCountry "USA"]

1. d4 d5 2. Bf4 Nf6 3. e3 c5 4. c3 Nc6 5. Nd2 cxd4 6. cxd4 Qb6 7. Bd3 Qxb2 8.
Ne2 e6 9. O-O Bb4 10. Nf3 O-O 11. a3 Be7 12. Bc7 Bd8 13. Qa4 Bxc7 14. Rfb1 Qxa1
15. Rxa1 Bd7 16. Qc2 Rfc8 17. Rb1 Rab8 18. Qa2 Bd6 19. Nd2 Na5 20. f3 b5 21. e4
Bc7 22. e5 Ne8 23. Nb3 Nc4 24. Nc5 Bc6 25. a4 bxa4 26. Rxb8 Rxb8 27. Bxc4 dxc4
28. Nc3 Ba5 29. Qxc4 a3 30. Nb3 Bxc3 31. Qxc6 a2 32. Qa4 Bxd4+ 33. Nxd4 1-0

[Event "Oregon Closed (Championship)"]
[Site "Portland, OR"]
[Date "2017.02.20"]
[Round "9.3"]
[White "Richardson, Ryan"]
[Black "Cigan, Jason Daniel"]
[Result "0-1"]
[WhiteElo "2103"]
[BlackElo "2230"]
[PlyCount "114"]
[EventDate "2017.02.11"]
[EventRounds "9"]
[EventCountry "USA"]

1. e4 c5 2. Nf3 d6 3. d4 cxd4 4. Nxd4 Nf6 5. Nc3 a6 6. f3 e6 7. Be3 b5 8. Bd3
Bb7 9. Qd2 Nbd7 10. a3 Rc8 11. O-O-O Qa5 12. Kb1 Rxc3 13. Nb3 Qc7 14. Qxc3 Qxc3
15. bxc3 d5 16. exd5 Nxd5 17. Bd2 Bxa3 18. Na5 Ba8 19. c4 bxc4 20. Nxc4 Be7 21.
Rhe1 O-O 22. c3 Nc5 23. Kc2 Bc6 24. Nb2 Rb8 25. Bc4 Nb6 26. Bf4 Rb7 27. Ba2
Nba4 28. Nc4 Bd5 29. Rb1 Rb5 30. Bd2 Bf6 31. Rb4 Bxc3 32. Rxb5 axb5 33. Bxc3
bxc4 34. Rb1 Nb3 35. Bxb3 cxb3+ 36. Kd3 Nxc3 37. Kxc3 g5 38. Kd4 Kg7 39. Ke3 e5
40. g3 Kf6 41. Ra1 h5 42. Ra4 Ke7 43. f4 exf4+ 44. gxf4 g4 45. Kd4 Bf3 46. Rb4
Bd1 47. Ke3 Bc2 48. Rb5 f5 49. Kd2 Kd6 50. Kc3 h4 51. Re5 Be4 52. Re8 g3 53.
hxg3 hxg3 54. Rg8 g2 55. Rg6+ Kd5 56. Kxb3 Bf3 57. Kc3 Bg4 0-1

[Event "Oregon Closed (Championship)"]
[Site "Portland, OR"]
[Date "2017.02.20"]
[Round "9.4"]
[White "Zavortink, Matt"]
[Black "Haessler, Carl A"]
[Result "1-0"]
[WhiteElo "2161"]
[BlackElo "2233"]
[PlyCount "45"]
[EventDate "2017.02.11"]
[EventRounds "9"]
[EventCountry "USA"]

1. d4 c5 2. c3 Qc7 3. e4 e6 4. Nf3 b6 5. Bd3 Ba6 6. O-O Bxd3 7. Qxd3 Nc6 8. d5
Ne5 9. Nxe5 Qxe5 10. Nd2 Nf6 11. Re1 exd5 12. Nf3 dxe4 13. Nxe5 exd3 14. Ng6+
Be7 15. Nxe7 Kf8 16. Bf4 Ne8 17. c4 f6 18. Rad1 d6 19. Rxd3 Rd8 20. Nf5 Kf7 21.
Re7+ Kg6 22. g4 h6 23. Rxa7 1-0

[Event "Oregon Closed (Championship)"]
[Site "Portland, OR"]
[Date "2017.02.20"]
[Round "9.5"]
[White "Grabinsky, Joshua"]
[Black "Smail, Benedict"]
[Result "1/2-1/2"]
[WhiteElo "2019"]
[BlackElo "2206"]
[PlyCount "100"]
[EventDate "2017.02.11"]
[EventRounds "9"]
[EventCountry "USA"]

1. e4 c5 2. Nf3 d6 3. d4 cxd4 4. Nxd4 Nf6 5. Nc3 g6 6. Be2 Nc6 7. Be3 Bg7 8. f3
O-O 9. Qd2 d5 10. exd5 Nxd5 11. Nxc6 bxc6 12. Nxd5 cxd5 13. c3 e5 14. Rd1 Be6
15. Bc5 Re8 16. Bb5 Qa5 17. Bxe8 Qxc5 18. Ba4 e4 19. fxe4 dxe4 20. Qe2 Bxa2 21.
Qxe4 Rb8 22. Rd2 Bh6 23. Rd4 Rxb2 24. O-O Be6 25. Kh1 Qxc3 26. Qe5 Bf8 27. Qf4
Bc5 28. Rd8+ Kg7 29. Bd7 Bd5 30. Bh3 Bc4 31. Rd7 Rf2 32. Rxf2 Qe1+ 33. Rf1
Qxf1+ 34. Qxf1 Bxf1 35. Be6 Kf6 36. Ba2 Be7 37. Rxa7 Bd3 38. Bd5 h5 39. g3 g5
40. Rb7 h4 41. Rb3 Bg6 42. Kg2 hxg3 43. hxg3 Ke5 44. Re3+ Kd6 45. Be4 f5 46.
Bd5 f4 47. Re6+ Kxd5 48. Rxe7 Be4+ 49. Kf2 fxg3+ 50. Kxg3 Bf5 1/2-1/2